| 000 | 01257cam a22003254a 4500 | ||
|---|---|---|---|
| 999 |
_c13126 _d13126 |
||
| 001 | 14125196 | ||
| 005 | 20181003102651.0 | ||
| 008 | 050929s2006 caua b 001 0 eng | ||
| 010 | _a 2005028757 | ||
| 020 | _a0805378219 (alk. paper) | ||
| 040 |
_aDLC _cDLC _dDLC |
||
| 042 | _apcc | ||
| 050 | 0 | 0 |
_aQC23.2 _b.Y68 2006 |
| 100 | 1 | _aYoung, Hugh D. | |
| 245 | 1 | 0 | _aSears & Zemansky's college physics/ |
| 246 | 3 | _aSears and Zemansky's college physics | |
| 250 |
_a8th ed. / _bHugh D. Young, Robert M. Geller. |
||
| 260 |
_aSan Francisco : _bPearson/Addison Wesley, _cc2006 |
||
| 300 |
_axxiv, 544 p. : _bcol. ill. ; _c28 cm _e+1 CD-ROM (4 3/4 in.) |
||
| 500 | _a8th ed. of: College physics. | ||
| 504 | _aIncludes bibliographical references and index. | ||
| 650 | 0 |
_aPhysics _vTextbooks. |
|
| 700 | 1 | _aGeller, Robert M. | |
| 700 | 1 |
_aSears, Francis Weston, _d1898-1975. _tCollege physics. |
|
| 942 |
_2lcc _cBOOKS _hQC 23.2 .Y68 2006 _01 |
||